Estrategias de intervención docente en ciencias sociales / Luisa Navarro (Registro nro. 1200)

Detalles MARC
000 -LEADER
fixed length control field 00525nam a22001931a 4500
001 - CONTROL NUMBER
control field 1200
003 - CONTROL NUMBER IDENTIFIER
control field OSt
005 - DATE AND TIME OF LATEST TRANSACTION
control field 20260204211725.0
008 - FIXED-LENGTH DATA ELEMENTS--GENERAL INFORMATION
fixed length control field 040117s2000||||dr ||||||b||||||||||spa||
050 ## - LIBRARY OF CONGRESS CALL NUMBER
Classification number RD 372.83 N228e
082 ## - DEWEY DECIMAL CLASSIFICATION NUMBER
Classification number RD372.83 N228e
100 ## - ASIENTO PRINCIPAL -- NOMBRE PERSONAL
Personal name Navarro Tavares, Luisa
245 ## - TÍTULO PROPIAMENTE DICHO: SUBTÍTULO
Title Estrategias de intervención docente en ciencias sociales / Luisa Navarro
264 ## - PRODUCTION, PUBLICATION, DISTRIBUTION, MANUFACTURE, AND COPYRIGHT NOTICE
Place of production, publication, distribution, manufacture Santo Domingo : SEEC
300 ## - PHYSICAL DESCRIPTION
Extensión 137 p.
500 ## - GENERAL NOTE
General note Incluye indice.
650 ## - ASIENTO SECUNDARIO DE MATERIA -- TERMINO TEMÁTICO
Termino Temático Como Elemento de Entrada 1.Educación-Ciencias SocialesÌ
942 ## - ADDED ENTRY ELEMENTS (KOHA)
Source of classification or shelving scheme Dewey Decimal Classification
Koha item type Libros
Existencias
Withdrawn status Lost status Source of classification or shelving scheme Damaged status Not for loan Current library Date acquired Total Checkouts Full call number Barcode Date last seen Price effective from Koha item type
    Dewey Decimal Classification     Biblioteca UTECO 09/09/2019   RD 372.83 N228E 003273 09/09/2019 09/09/2019 Libros
    Dewey Decimal Classification     Biblioteca UTECO 09/09/2019   RD 372.83 N228E 003274 09/09/2019 09/09/2019 Libros
    Dewey Decimal Classification     Biblioteca UTECO 09/09/2019   RD 372.83 N228E 003275 09/09/2019 09/09/2019 Libros
    Dewey Decimal Classification Dañado   Biblioteca UTECO 09/09/2019   RD 372.83 N228E 003276 09/09/2019 09/09/2019 Libros
    Dewey Decimal Classification     Biblioteca UTECO 09/09/2019   RD 372.83 N228E 014913 09/09/2019 09/09/2019 Libros
© 2021 Derechos Reservados UTECO - Teléfono: +1 809-585-2291 - Correo electrónico: biblioteca@uteco.edu.do​  
Código postal 43000 ​​
Dirección: Avenida Universitaria No. 100, 
Cotuí, Provincia Sánchez Ramírez, República Dominicana - RNC: 404-00059-6